All past and current BRICS, Arab League, ASEAN, NATO, EU, Ect nations - Statistics

General Stats
  • This quiz has been taken 26 times
    5 since last reset
  • The average score is 284 of 397
Answer Stats
Hint Answer % Correct
League of Nations | NATO | United Nations | Warsaw Pact Albania
100%
United Nations Andorra
100%
CSTO | United Nations Belarus
100%
EU | League of Nations | NATO | United Nations Belgium
100%
EU | League of Nations | NATO | +2 others Bulgaria
100%
League of Nations | NATO | United Nations Canada
100%
EU | NATO | United Nations Croatia
100%
EU | United Nations Cyprus
100%
EU | League of Nations | NATO | United Nations Greece
100%
EU | League of Nations | NATO | United Nations Italy
100%
EU | League of Nations | NATO | United Nations Latvia
100%
United Nations Liechtenstein
100%
EU | League of Nations | NATO | United Nations Luxembourg
100%
EU | United Nations Malta
100%
United Nations Monaco
100%
EU | NATO | United Nations Netherlands
100%
United Nations North Korea
100%
EU | League of Nations | NATO | United Nations Portugal
100%
EU | League of Nations | NATO | +2 others Romania
100%
BRICS | CSTO | United Nations Russia
100%
United Nations San Marino
100%
United Nations Serbia
100%
United Nations South Korea
100%
EU | League of Nations | NATO | United Nations Spain
100%
Arab League | United Nations Sudan
100%
Former EU member | NATO | United Nations United Kingdom
100%
NATO | United Nations United States
100%
UN Observer State Vatican City
100%
League of Nations | United Nations Afghanistan
80%
League of Nations | United Nations Argentina
80%
League of Nations | United Nations Australia
80%
EU | League of Nations | United Nations Austria
80%
Arab League | United Nations Bahrain
80%
United Nations Bangladesh
80%
CARICOM | United Nations Belize
80%
United Nations Bhutan
80%
United Nations Bosnia and Herzegovina
80%
BRICS | League of Nations | United Nations Brazil
80%
ASEAN | United Nations Brunei
80%
ASEAN | United Nations Cambodia
80%
United Nations Chad
80%
League of Nations | United Nations Chile
80%
BRICS | League of Nations | United Nations China
80%
United Nations Colombia
80%
United Nations Congo
80%
EU | NATO | United Nations Czechia
80%
United Nations Democratic Republic of the Congo
80%
EU | League of Nations | NATO | United Nations Denmark
80%
Arab League | United Nations Djibouti
80%
League of Nations | United Nations Dominican Republic
80%
Arab League | BRICS | League of Nations | United Nations Egypt
80%
EU | League of Nations | NATO | United Nations Estonia
80%
BRICS | United Nations Ethiopia
80%
EU | League of Nations | NATO | United Nations Finland
80%
EU | League of Nations | NATO | United Nations France
80%
EU | League of Nations | NATO | United Nations Germany
80%
CARICOM | United Nations Guyana
80%
CARICOM | League of Nations | United Nations Haiti
80%
EU | League of Nations | NATO | +2 others Hungary
80%
NATO | United Nations Iceland
80%
BRICS | League of Nations | United Nations India
80%
ASEAN | BRICS | United Nations Indonesia
80%
BRICS | United Nations Iran
80%
Arab League | League of Nations | United Nations Iraq
80%
EU | League of Nations | United Nations Ireland
80%
United Nations Israel
80%
CARICOM | United Nations Jamaica
80%
United Nations Japan
80%
Arab League | United Nations Jordan
80%
Arab League | United Nations Kuwait
80%
ASEAN | United Nations Laos
80%
Arab League | United Nations Libya
80%
EU | League of Nations | NATO | United Nations Lithuania
80%
ASEAN | United Nations Malaysia
80%
United Nations Mali
80%
United Nations Marshall Islands
80%
Arab League | United Nations Mauritania
80%
League of Nations | United Nations Mexico
80%
United Nations Moldova
80%
Arab League | United Nations Morocco
80%
ASEAN | United Nations Myanmar
80%
United Nations Nauru
80%
United Nations Nepal
80%
League of Nations | United Nations New Zealand
80%
League of Nations NIcaragua
80%
United Nations Nicaragua
80%
NATO | United Nations North Macedonia
80%
NATO | United Nations Norway
80%
Arab League | United Nations Oman
80%
United Nations Pakistan
80%
United Nations Palau
80%
League of Nations | United Nations Panama
80%
EU | League of Nations | NATO | +2 others Poland
80%
Arab League | United Nations Qatar
80%
CARICOM | United Nations Saint Lucia
80%
Arab League | United Nations Saudi Arabia
80%
United Nations Seychelles
80%
EU | NATO | United Nations Slovakia
80%
EU | NATO | United Nations Slovenia
80%
BRICS | League of Nations | United Nations South Africa
80%
CARICOM | United Nations Suriname
80%
EU | NATO | United Nations Sweden
80%
United Nations Switzerland
80%
ASEAN | United Nations Thailand
80%
League of Nations | NATO | United Nations Turkey
80%
United Nations Ukraine
80%
United Nations Venezuela
80%
ASEAN | United Nations Vietnam
80%
Arab League | United Nations Yemen
80%
Arab League | United Nations Algeria
60%
United Nations Angola
60%
CARICOM | United Nations Antigua and Barbuda
60%
CSTO | United Nations Armenia
60%
United Nations Azerbaijan
60%
CARICOM | United Nations Barbados
60%
United Nations Cameroon
60%
United Nations Central African Republic
60%
Arab League | United Nations Comoros
60%
League of Nations | United Nations Costa Rica
60%
League of Nations | United Nations Cuba
60%
CARICOM | United Nations Dominica
60%
League of Nations | United Nations Ecuador
60%
League of Nations | United Nations El Salvador
60%
United Nations Eritrea
60%
United Nations Fiji
60%
United Nations Gambia
60%
United Nations Georgia
60%
League of Nations | United Nations Guatemala
60%
United Nations Guinea
60%
United Nations Guinea-Bissau
60%
League of Nations | United Nations Honduras
60%
CSTO | United Nations Kazakhstan
60%
United Nations Kenya
60%
Arab League | United Nations Lebanon
60%
United Nations Madagascar
60%
United Nations Mauritius
60%
NATO | United Nations Montenegro
60%
United Nations Niger
60%
United Nations Nigeria
60%
Arab League | UN Observer State Palestine
60%
United Nations Papua New Guinea
60%
League of Nations | United Nations Paraguay
60%
League of Nations | United Nations Peru
60%
ASEAN | United Nations Philippines
60%
CARICOM | United Nations Saint Kitts and Nevis
60%
United Nations Solomon Islands
60%
Arab League | United Nations Somalia
60%
United Nations South Sudan
60%
Former UN nations | League of Nations | Warsaw Pact Soviet Union
60%
Arab League | United Nations Syria
60%
CSTO | United Nations Tajikistan
60%
United Nations Tanzania
60%
CARICOM | United Nations The Bahamas
60%
United Nations Timor-Leste
60%
United Nations Togo
60%
United Nations Tonga
60%
Arab League | United Nations Tunisia
60%
United Nations Turkmenistan
60%
Arab League | BRICS | United Nations United Arab Emirates
60%
League of Nations | United Nations Uruguay
60%
Former UN nations | League of Nations Yugoslavia
60%
United Nations Benin
40%
League of Nations | United Nations Bolivia
40%
United Nations Botswana
40%
United Nations Burundi
40%
Former UN nations | League of Nations | Warsaw Pact Czechoslovakia
40%
Former UN nations | Warsaw Pact East Germany
40%
United Nations Eswatini
40%
United Nations Federated States of Micronesia
40%
United Nations Gabon
40%
United Nations Ghana
40%
CARICOM | United Nations Grenada
40%
United Nations Ivory Coast
40%
United Nations Kiribati
40%
CSTO | United Nations Kyrgyzstan
40%
United Nations Lesotho
40%
United Nations Maldives
40%
United Nations Mongolia
40%
United Nations Mozambique
40%
United Nations Rwanda
40%
CARICOM | United Nations Saint Vincent and the Grenadines
40%
United Nations Samoa
40%
United Nations Sao Tome and Principe
40%
United Nations Senegal
40%
United Nations Sierra Leone
40%
ASEAN | United Nations Singapore
40%
United Nations Sri Lanka
40%
CARICOM | United Nations Trinidad and Tobago
40%
United Nations Tuvalu
40%
United Nations Uganda
40%
United Nations Uzbekistan
40%
United Nations Zambia
40%
United Nations Zimbabwe
40%
League of Nations Abyssinia
20%
United Nations Equatorial Guinea
20%
United Nations Malawi
20%
United Nations Namibia
20%
League of Nations Persia
20%
League of Nations Siam
20%
Former UN nations South Yemen
20%
Former UN nations Tanganyika
20%
Former UN nations United Arab Republic
20%
United Nations Vanuatu
20%
Former UN nations Zanzibar
20%
League of Nations British Empire
0%
United Nations Burkina faso
0%
Warsaw Pact Byelorussian SSR
0%
United Nations Cape Verde
0%
League of Nations Empire of Japan
0%
Former UN nations Federation of Malaya
0%
League of Nations Free France
0%
League of Nations | United Nations Liberia
0%
Former UN nations Republic of China
0%
UN Observer State Sovereign Military Order of Malta
0%
Warsaw Pact Ukrainian SSR
0%
No matching quizzes found
Score Distribution
Percent of People with Each Score
Percentile by Number Answered
Your Score History
You have not taken this quiz since the last reset